| Tag |
First Indicator |
Second Indicator |
Subfields |
| LEADER |
00000cam a2200000 4500 |
| 001 |
in00000301921 |
| 005 |
20151010142354.0 |
| 008 |
720719s1971 nyu 00000cger |
| 010 |
|
|
|a 72204749
|
| 020 |
|
|
|a 3794032195
|
| 035 |
|
|
|a (OCoLC)00359685
|
| 035 |
|
|
|9 ABH4244AM
|
| 040 |
|
|
|c DRB
|d TXA
|d UtOrBLW
|
| 049 |
|
|
|a TXAM
|c [1025270]
|
| 050 |
|
0 |
|a DD259.63
|b .S28
|
| 082 |
0 |
|
|a 329/.00922
|a [B]
|
| 100 |
1 |
|
|a Saur, Karl Otto.
|
| 245 |
1 |
0 |
|a Who's who in German politics :
|b a biographical guide to 4,500 politicians in the Federal Republic of Germany.
|
| 264 |
|
1 |
|a New York :
|b R.R. Bowker Co.,
|c 1971.
|
| 300 |
|
|
|a x, 342 pages ;
|c 22 cm.
|
| 336 |
|
|
|a text
|b txt
|2 rdacontent
|
| 337 |
|
|
|a unmediated
|b n
|2 rdamedia
|
| 338 |
|
|
|a volume
|b nc
|2 rdacarrier
|
| 500 |
|
|
|a In German; preface also in English.
|
| 650 |
|
0 |
|a Statesmen
|z Germany
|v Biography.
|
| 651 |
|
0 |
|a Germany (West)
|v Biography.
|
| 999 |
|
|
|a MARS
|
| 999 |
f |
f |
|s 457b1f95-fb60-3086-b2ba-9f6ab950b833
|i b0fa3627-8d1e-32fb-b549-4ec8b2dd9374
|t 0
|
| 952 |
f |
f |
|p ric
|a Texas A&M University
|b Rellis Campus
|c Joint Library Facility
|d Remote Storage
|t 0
|e DD259.63 .S28
|h Library of Congress classification
|i unmediated -- volume
|m A14805868743
|
| 998 |
f |
f |
|a DD259.63 .S28
|t 0
|l Remote Storage
|